01823nam a2200385 a 4500001001200000003000800012006001900020007001500039008004100054010001700095020001800112020002500130040002100155035002100176050002400197082002100221100002500242245014900267260005000416300003200466490002700498504006800525505021700593533015200810650006000962650005501022650005001077650004801127650004701175655002901222710001701251830002801268856012601296999001501422ebr10697010CaPaEBRm o u cr cn|||||||||100104s2011 enkac sbf 001 0 eng d z 2009054037 z9781845534417 z9781845534424 (pbk.) aCaPaEBRcCaPaEBR a(OCoLC)83812428114aPE1404b.H83 2011eb04a808/.04207112221 aHuber, Sonya,d1971-15aThe "backwards" research guide for writersh[electronic resource] :busing your life for reflection, connection, and inspiration /cSonya Huber. aSheffield ;aOakville :bEquinox Pub.,c2011. axvi, 341 p. :bill., ports.1 aFrameworks for writing aIncludes bibliographical references (p. [331]-335) and indexes.0 asection 1. Research: an inside job -- section 2. The inside meets the outside: paying attention as research -- section 3. Big Bang: form and structured chaos in research -- section 4. Open minds invite surprises. aElectronic reproduction.bPalo Alto, Calif. :cebrary,d2013.nAvailable via World Wide Web.nAccess may be limited to ebrary affiliated libraries. 0aEnglish languagexRhetoricxStudy and teaching (Higher) 0aResearchxMethodologyxStudy and teaching (Higher) 0aAcademic writingxStudy and teaching (Higher) 0aReport writingxStudy and teaching (Higher) 0aCollege teachingvHandbooks, manuals, etc. 7aElectronic books.2local2 aebrary, Inc. 0aFrameworks for writing.40uhttp://site.ebrary.com/lib/rucke/Doc?id=10697010zAn electronic book accessible through the World Wide Web; click to view c8109d8109